书目信息 |
| 题名: |
中国法学文丛
|
|
| 作者: | 周国均 主编 | |
| 分册: | 行政法行政诉讼法卷 | |
| 出版信息: | 北京 中国人民公安大学出版社 2006.04 |
|
| 页数: | 376页 | |
| 开本: | 22cm | |
| 丛书名: | 中国法学文丛 | |
| 单 册: | ||
| 中图分类: | D920.4-53 | |
| 科图分类: | ||
| 主题词: | 行政诉讼法--中国--文集 , 行政法--中国--文集 | |
| 电子资源: | ||
| ISBN: | 7-81087-696-1 | |
| 000 | 01305nam 2200301 450 | |
| 001 | 192004002251 | |
| 005 | 20070912091909.87 | |
| 010 | @a7-81087-696-1@dCNY25.00 | |
| 100 | @a20070601d2006 ekmy0chiy0121 ea | |
| 101 | 0 | @achi |
| 102 | @aCN@b110000 | |
| 105 | @ay z 000yy | |
| 200 | 1 | @a中国法学文丛@Azhong guo fa xue wen cong@i行政法行政诉讼法卷@d= Administrative law and administrative procedural law volume@f主编周国均@zeng |
| 210 | @a北京@c中国人民公安大学出版社@d2006.04 | |
| 215 | @a376页@d22cm | |
| 225 | 2 | @a中国法学文丛@Azhong guo fa xue wen cong |
| 300 | @a并列题名:Administrative law and administrative procedural law volume | |
| 300 | @a其他题名:行政法行政诉讼法卷 | |
| 330 | @a本书主要论述了社会转型中的我国行政法制、论建立统一的公法学、从依法行政到法治行政——论依法行政范式的局限性,以及法治行政范式的优越性、论当代行政法主体双方地位平等地认知——从行政相对人的视角、论我国立法程序等。 | |
| 410 | 0 | @12001 @a中国法学文丛 |
| 510 | 1 | @aAdministrative law and administrative procedural law volume@zeng |
| 517 | 1 | @a行政法行政诉讼法卷@Axing zheng fa xing zheng su song fa juan |
| 606 | 0 | @a行政诉讼法@y中国@j文集 |
| 606 | 0 | @a行政法@y中国@j文集 |
| 690 | @aD920.4-53@v4 | |
| 701 | 0 | @a周国均@Azhou guo jun@4主编 |
| 801 | 0 | @aCN@c20070912 |
| 905 | @dD920.4-53@eZ7622 | |
| 中国法学文丛.行政法行政诉讼法卷= Administrative law and administrative procedural law volume/主编周国均.-北京:中国人民公安大学出版社,2006.04 |
| 376页;22cm.-(中国法学文丛) |
| 并列题名:Administrative law and administrative procedural law volume.-其他题名:行政法行政诉讼法卷 |
| ISBN 7-81087-696-1:CNY25.00 |
| 本书主要论述了社会转型中的我国行政法制、论建立统一的公法学、从依法行政到法治行政——论依法行政范式的局限性,以及法治行政范式的优越性、论当代行政法主体双方地位平等地认知——从行政相对人的视角、论我国立法程序等。 |
| ● |
| 相关链接 |
|
|
|
正题名:中国法学文丛
索取号:D920.4-53/Z7622
 
预约/预借
| 序号 | 登录号 | 条形码 | 馆藏地/架位号 | 状态 | 备注 |
| 1 | 621025 | 206210250 | 社科库509/509社科库 83排7列5层/ [索取号:D920.4-53/Z7622] | 在馆 | |
| 2 | 621026 | 206210269 | 社科库509/509社科库 83排7列5层/ [索取号:D920.4-53/Z7622] | 在馆 | |
| 3 | 621027 | 206210278 | 社科库509/422社科库 40排1列4层/ [索取号:D920.4-53/Z7622] | 在馆 | |
| 4 | 621028 | 206210287 | 社科库509/509社科库 83排7列5层/ [索取号:D920.4-53/Z7622] | 在馆 | |
| 5 | 621029 | 206210296 | 社科库509/509社科库 83排7列5层/ [索取号:D920.4-53/Z7622] | 在馆 |